| 000 | 01126cam a2200229 a 4500 | ||
|---|---|---|---|
| 001 | 14092990 | ||
| 003 | OSt | ||
| 005 | 20230824111937.0 | ||
| 008 | 050831s2005 za f000 0 eng | ||
| 040 |
_aDLC _cLC |
||
| 042 | _alcode | ||
| 043 | _af-za--- | ||
| 050 | 0 | 0 | _aKRX3466.R42 |
| 245 | 1 | 0 | _aReport of the constitution review commission: from a political to a developmental constitution. / |
| 260 |
_aGhana: _bConstitution Review Commission, _c2011. |
||
| 300 |
_axxiii, 960 p. ; _c30 cm. |
||
| 505 | _aContents: Executive summary -- The Constitution review process: The process -- Methodology -- Thematic briefs: National development planning -- The Executive -- The Legislature -- The Judiciary -- Public services -- Independent constitutional and other bodies -- Decentralisation and local government -- Traditional authority -- Lands and natural resources -- Human rights -- Miscellaneous matters -- The way forward -- | ||
| 650 |
_aJudicial press - Ghana _92277 |
||
| 906 |
_a7 _bcbc _corigode _d2 _encip _f20 _gy-gencatlg |
||
| 942 |
_2lcc _cBK |
||
| 999 |
_c10008 _d17508 |
||